000 00957nam a22003137a 4500
001 BR2011000836
003 BR-BrBNA
005 20230928103442.0
007 ta
008 230509b bl.||||| |||| 00| 0 por d
040 _aBR-BrBNA
_bpor
_cBiblioteca Nacional de Agricultura
041 _a(Por)
072 _aQ02
_b0336
_b9960
090 _ 0336 BR2011000836
100 1 _aPereira, G. das G.
110 1 _aUniversidade Federal de Lavras, MG (Brasil)
_0Tese (Mestrado)
245 1 _aUtilização de extrato hidrossolúvel de soja na produção de sorvete
260 3 _aLavras, MG (Brasil):
_c2010.
300 _a165 p.
500 _aSummaries (Eng, Por); Several bibliography; 15 tables; 36 illus.
650 _aSOJA
650 _aEXTRATO VEGETAL
650 _aSORVETE
650 _aTECNOLOGIA DE ALIMENTO
650 _aPREFERÊNCIA ALIMENTAR
650 _aANÁLISE ORGANOLÉPTICA
909 _a202309
_bLucia
_c55
_dLucia Elande
942 _cBK
999 _c75183
_d75183